| 000 | 00919cab a2200265 4500 | ||
|---|---|---|---|
| 001 | WB2835-68 | ||
| 008 | 090401t1992 xxu||||| |||| 00| 0 eng d | ||
| 035 | _a(Sirsi) u7239 | ||
| 041 | _aeng | ||
| 245 | _aMortgage valuations | ||
| 260 | _c1992 | ||
| 350 | _a0 | ||
| 490 |
_aCS Monthly : General Practice _v2(1) September 1992, 1(1) |
||
| 520 | _aMany banks mistakenly ask valuers to produce valuations of commercial property as mortgage or loan security in accordance with the Red Book. They may then go on to provide additional instructions or forms incompitable with its requirements. | ||
| 650 | _aASSET VALUATION | ||
| 650 | _aBANK VALUATIONS | ||
| 650 | _aPROPERTY-COMMERCIAL PROPERTY | ||
| 650 | _aMORTGAGE VALUATIONS | ||
| 650 | _aRICS APPRAISAL AND VALUATION MANUAL | ||
| 650 | _aSECURITY | ||
| 650 |
_aValuation _96273 |
||
| 690 | _aRATING AND VALUATION | ||
| 942 | _n0 | ||
| 948 | _c04/03/1997 | ||
| 999 |
_c4346 _d4346 |
||